000 00759cam a22002653a 4500
001 40276
003 PGUSA
005 20140828083911.0
008 120719s2012||||xxu|||||s|||||000 | eng d
040 _aPGUSA
_beng
042 _adc
050 4 _aT
050 4 _aPZ
100 1 _aHale, Edward Everett,
_d1822-1909
245 1 0 _aStories of Invention, Told by Inventors and their Friends
_h[electronic resource] /
_cEdward Everett Hale
260 _bProject Gutenberg,
_c2012
506 _aPublic domain in the USA.
516 _aElectronic text
653 _aInventions
653 _aTechnology -- Juvenile literature
653 _aInventors
830 0 _aProject Gutenberg
_v40276
856 4 0 _uhttp://www.gutenberg.org/ebooks/40276
942 _cEB
999 _c269529
_d269529